[Event "HUN-chT2 Barcza 1011"]
[Site "Hungary"]
[Date "2010.09.26"]
[Round "2.2"]
[White "Prokopisin, Vasily V"]
[Black "Bakk, Zoltan"]
[Result "0-1"]
[WhiteElo "2207"]
[BlackElo "2056"]
[PlyCount "118"]
[EventDate "2010.09.12"]
[EventType "team-tourn"]
[EventRounds "11"]
[EventCountry "HUN"]
[SourceTitle "EXT 2012"]
[Source "ChessBase"]
[SourceDate "2011.11.24"]
[SourceVersion "1"]
[SourceVersionDate "2011.11.24"]
[SourceQuality "1"]
[WhiteTeam "Tiszavasvar"]
[BlackTeam "Piremon"]
[WhiteTeamCountry "HUN"]
[BlackTeamCountry "HUN"]

1. Nf3 d5 2. d4 Nf6 3. c4 c6 4. Nc3 dxc4 5. Ne5 b5 6. g3 Bb7 7. Bg2 Qc7 8. Bf4 Nh5 9. Bd2 e6 10. a4 a6 11. Bf3 Nf6 12. axb5 cxb5 13. Nxb5 Qb6 14. Na3 Bxf3 15. Nxf3 Bxa3 16. Qa4+ Nc6 17. Rxa3 0-0 18. Bc3 Qb5 19. 0-0 Ne4 20. Rfa1 Qd5 21. Qc2 a5 22. Nd2 Ng5 23. e4 Nxd4 24. Bxd4 Qxd4 25. Nxc4 Rac8 26. b3 f5 27. Rd1 Qc5 28. Qe2 fxe4 29. Kg2 Qf5 30. g4 Qf4 31. h3 Nf3 32. Rh1 Nh4+ 33. Kg1 Rxc4 34. bxc4 Qc1+ 35. Kh2 Qxa3 36. Rf1 Qf3 37. Qxf3 Rxf3 38. Re1 Rxf2+ 39. Kg3 Rc2 40. Kxh4 Rxc4 41. Kg5 a4 42. Re3 Kf7 43. h4 Ke7 44. h5 Kd6 45. h6 gxh6+ 46. Kxh6 Ke5 47. g5 Kf4 48. Re1 Rc5 49. Rf1+ Kg3 50. Rg1+ Kf3 51. Kxh7 Kf2 52. Rg4 e3 53. g6 Rh5+ 54. Kg8 e2 55. Rf4+ Ke3 56. Rf6 Kd2 57. Rxe6 e1Q 58. Rxe1 Kxe1 59. g7 Rg5 0-1

[Event "HUN-chT 0506"]
[Site "Hungary"]
[Date "2006.02.26"]
[Round "8"]
[White "Kovacs, Zsolt"]
[Black "Prokopisin, Vasily V"]
[Result "1/2-1/2"]
[WhiteElo "2320"]
[BlackElo "2223"]
[PlyCount "22"]
[EventDate "2005.10.16"]
[EventType "team"]
[EventRounds "11"]
[EventCountry "HUN"]
[SourceTitle "EXT 2007"]
[Source "ChessBase"]
[SourceDate "2006.11.23"]
[SourceVersion "1"]
[SourceVersionDate "2006.11.23"]
[SourceQuality "1"]

1. d4 Nf6 2. c4 c5 3. d5 e6 4. Nc3 exd5 5. cxd5 d6 6. Nf3 g6 7. Nd2 Bg7 8. Nc4 0-0 9. Bf4 Ne8 10. e3 b6 11. a4 Ba6 1/2-1/2

[Event "Miskolc Avas op"]
[Site "Miskolc"]
[Date "2005.08.21"]
[Round "6"]
[White "Hando, Vilmos"]
[Black "Prokopisin, Vasily V"]
[Result "0-1"]
[WhiteElo "1999"]
[BlackElo "2215"]
[PlyCount "62"]
[EventDate "2005.08.18"]
[EventType "swiss"]
[EventRounds "7"]
[EventCountry "HUN"]
[SourceTitle "EXT 2008"]
[Source "ChessBase"]
[SourceDate "2007.11.25"]
[SourceVersion "1"]
[SourceVersionDate "2007.11.25"]
[SourceQuality "1"]

1. d4 Nf6 2. c4 c5 3. d5 e6 4. Nc3 exd5 5. cxd5 d6 6. e4 g6 7. Nf3 Bg7 8. Bd3 0-0 9. 0-0 Bg4 10. h3 Bxf3 11. Qxf3 a6 12. a4 Nbd7 13. Bf4 Qc7 14. Bc4 Nh5 15. g3 Ne5 16. Bxe5 Bxe5 17. Kg2 Ng7 18. Qe2 Rae8 19. f4 Bd4 20. Qd3 Qb6 21. Rab1 f5 22. Rfe1 fxe4 23. Nxe4 Qb4 24. b3 Nf5 25. Re2 Bg7 26. Rbe1 Kh8 27. Qd2 Rxe4 28. Qxb4 Rxe2+ 29. Rxe2 cxb4 30. g4 Nd4 31. Re7 b5 0-1

[Event "Miskolc Avas op"]
[Site "Miskolc"]
[Date "2005.08.20"]
[Round "5"]
[White "Prokopisin, Vasily V"]
[Black "Toth, Sarolta"]
[Result "0-1"]
[WhiteElo "2215"]
[BlackElo "1998"]
[PlyCount "92"]
[EventDate "2005.08.18"]
[EventType "swiss"]
[EventRounds "7"]
[EventCountry "HUN"]
[SourceTitle "EXT 2008"]
[Source "ChessBase"]
[SourceDate "2007.11.25"]
[SourceVersion "1"]
[SourceVersionDate "2007.11.25"]
[SourceQuality "1"]

1. Nf3 Nf6 2. c4 e6 3. g3 b6 4. Bg2 Bb7 5. 0-0 c5 6. d4 cxd4 7. Qxd4 d6 8. Nc3 a6 9. e4 Qc7 10. b3 Be7 11. Bb2 0-0 12. Qe3 Nbd7 13. Nd4 Rfe8 14. h3 Rac8 15. Rad1 Red8 16. Rfe1 Ne5 17. Kh1 Nc6 18. Na4 Nd7 19. f4 Bf6 20. Nxc6 Bxc6 21. Bxf6 gxf6 22. Nc3 Kg7 23. Qd2 Nf8 24. Re3 Rd7 25. Rd3 Rcd8 26. f5 b5 27. Qf4 bxc4 28. bxc4 Bb7 29. Qg4+ Kh8 30. Qh4 Kg7 31. Ne2 exf5 32. exf5 Bxg2+ 33. Kxg2 Qc6+ 34. Rd5 Rb7 35. Nf4 Rb2+ 36. Kh1 Nd7 37. Nh5+ Kf8 38. Nxf6 Nxf6 39. Qxf6 Rdb8 40. Qh6+ Ke8 41. c5 Rb1 42. Qe3+ Kf8 43. Qh6+ Ke8 44. Kh2 R8b2+ 45. R5d2 Rxd1 46. Qe3+ Kd7 0-1

[Event "Miskolc Avas op"]
[Site "Miskolc"]
[Date "2005.08.19"]
[Round "2"]
[White "Prokopisin, Vasily V"]
[Black "Fekete, Sandor"]
[Result "1-0"]
[WhiteElo "2215"]
[BlackElo "1855"]
[PlyCount "73"]
[EventDate "2005.08.18"]
[EventType "swiss"]
[EventRounds "7"]
[EventCountry "HUN"]
[SourceTitle "EXT 2008"]
[Source "ChessBase"]
[SourceDate "2007.11.25"]
[SourceVersion "1"]
[SourceVersionDate "2007.11.25"]
[SourceQuality "1"]

1. Nf3 Nf6 2. c4 c5 3. g3 Nc6 4. d4 cxd4 5. Nxd4 d6 6. Bg2 Bd7 7. Nc3 g6 8. 0-0 Bg7 9. Nb3 b6 10. Nd5 0-0 11. Bg5 Nxd5 12. cxd5 Nb4 13. Qd2 Na6 14. Nd4 Bxd4 15. Qxd4 f6 16. Bh6 Re8 17. h4 Rc8 18. Rac1 Kf7 19. Bf3 Rxc1 20. Rxc1 Qb8 21. Rc3 Rc8 22. Bg4 Qb7 23. Ra3 Nb8 24. b4 Qc7 25. Qe4 f5 26. Qd4 Rg8 27. Rc3 Qd8 28. Bf3 a6 29. e4 b5 30. e5 dxe5 31. Qxe5 Qb6 32. Bf4 a5 33. bxa5 Qxa5 34. d6 Qd8 35. Bg5 Nc6 36. Bd5+ e6 37. Rxc6 1-0

[Event "Nyiregyhaza op"]
[Site "Nyiregyhaza"]
[Date "2005.07.15"]
[Round "7"]
[White "Kiss, Balazs"]
[Black "Prokopisin, Vasily V"]
[Result "1/2-1/2"]
[WhiteElo "2046"]
[BlackElo "2215"]
[PlyCount "32"]
[EventDate "2005.07.09"]
[EventType "swiss"]
[EventRounds "9"]
[EventCountry "HUN"]
[SourceTitle "EXT 2008"]
[Source "ChessBase"]
[SourceDate "2007.11.25"]
[SourceVersion "1"]
[SourceVersionDate "2007.11.25"]
[SourceQuality "1"]

1. d4 Nf6 2. Bg5 Ne4 3. Bf4 c5 4. e3 Qb6 5. Nc3 Nxc3 6. bxc3 d5 7. Nf3 Nc6 8. Be2 Qb2 9. c4 dxc4 10. 0-0 cxd4 11. exd4 b5 12. a4 Bf5 13. axb5 Qxb5 14. d5 Rd8 15. Nd2 Qxd5 16. Bxc4 Qd7 1/2-1/2

[Event "Nyiregyhaza op"]
[Site "Nyiregyhaza"]
[Date "2005.07.14"]
[Round "6"]
[White "Prokopisin, Vasily V"]
[Black "Grecescu, Gabriel Andrei"]
[Result "0-1"]
[WhiteElo "2215"]
[BlackElo "2332"]
[PlyCount "125"]
[EventDate "2005.07.09"]
[EventType "swiss"]
[EventRounds "9"]
[EventCountry "HUN"]
[SourceTitle "EXT 2008"]
[Source "ChessBase"]
[SourceDate "2007.11.25"]
[SourceVersion "1"]
[SourceVersionDate "2007.11.25"]
[SourceQuality "1"]

1. Nf3 c5 2. c4 g6 3. d4 cxd4 4. Nxd4 Bg7 5. e4 Nc6 6. Be3 Nf6 7. Nc3 0-0 8. Be2 Nxd4 9. Bxd4 d6 10. 0-0 Be6 11. Rc1 Qa5 12. f3 Rfc8 13. b3 a6 14. Na4 Nd7 15. Bxg7 Kxg7 16. Qd4+ f6 17. Nc3 Qc5 18. Rfd1 Rab8 19. Nd5 Kf8 20. f4 Qxd4+ 21. Rxd4 Bxd5 22. exd5 b5 23. Rdd1 b4 24. Bg4 f5 25. Bf3 Nc5 26. Ra1 a5 27. Rd2 Rc7 28. g3 Kg7 29. Kg2 Kf6 30. h4 Ra7 31. Rb1 h6 32. g4 fxg4 33. Bxg4 Rf8 34. Re2 Kg7 35. Kg3 Rf7 36. Re3 Kf6 37. Rf1 Rf8 38. Rh1 a4 39. Rhe1 axb3 40. axb3 Rfa8 41. f5 h5 42. Bh3 g5 43. hxg5+ Kxg5 44. Rxe7 Rxe7 45. Rxe7 Ra3 46. Rg7+ Kf6 47. Rg6+ Ke5 48. Kh4 Rxb3 49. Bg2 Rb2 50. Kg3 h4+ 51. Kxh4 Kxf5 52. Rg5+ Kf4 53. Bh3 b3 54. Rf5+ Ke4 55. Rf6 Ke5 56. Rf5+ Kd4 57. Rf4+ Ne4 58. c5 Rh2 59. cxd6 b2 60. Rf1 Nxd6 61. Kg3 Rc2 62. Rb1 Kc3 63. Bf1 0-1

[Event "Nyiregyhaza op"]
[Site "Nyiregyhaza"]
[Date "2005.07.13"]
[Round "5"]
[White "Szegedi, Peter"]
[Black "Prokopisin, Vasily V"]
[Result "0-1"]
[WhiteElo "2262"]
[BlackElo "2215"]
[PlyCount "82"]
[EventDate "2005.07.09"]
[EventType "swiss"]
[EventRounds "9"]
[EventCountry "HUN"]
[SourceTitle "EXT 2008"]
[Source "ChessBase"]
[SourceDate "2007.11.25"]
[SourceVersion "1"]
[SourceVersionDate "2007.11.25"]
[SourceQuality "1"]

1. d4 Nf6 2. Nf3 c5 3. d5 e6 4. c4 exd5 5. cxd5 d6 6. Nc3 g6 7. e4 Bg7 8. Be2 0-0 9. Bg5 h6 10. Bh4 g5 11. Bg3 Nh5 12. Nd2 Nxg3 13. hxg3 Nd7 14. g4 Ne5 15. Rb1 Ng6 16. g3 a6 17. a4 Bd7 18. Nc4 Qc7 19. a5 Bb5 20. Ra1 Bxc4 21. Bxc4 b5 22. axb6 Qxb6 23. Qc2 Rfb8 24. Nd1 Qb4+ 25. Kf1 Ne5 26. Be2 a5 27. Kg2 a4 28. Ra3 Ng6 29. Bc4 Bxb2 30. Nxb2 Qxa3 31. Nd3 Kg7 32. f4 gxf4 33. Rf1 Ne5 34. gxf4 Nxd3 35. Qxd3 Rb2+ 36. Kf3 Qxd3+ 37. Bxd3 a3 38. e5 a2 39. Ra1 Ra3 40. Ke4 Rb4+ 41. Kf5 Rxd3 0-1

[Event "Gyongyos Matra Cup"]
[Site "Gyongyos"]
[Date "2004.08.02"]
[Round "6"]
[White "Prokopisin, Vasily V"]
[Black "Krivolapov, Konstantin"]
[Result "1/2-1/2"]
[WhiteElo "2237"]
[BlackElo "2368"]
[PlyCount "20"]
[EventDate "2004.07.27"]
[EventType "swiss"]
[EventRounds "9"]
[EventCountry "HUN"]
[SourceTitle "EXT 2008"]
[Source "ChessBase"]
[SourceDate "2007.11.25"]
[SourceVersion "1"]
[SourceVersionDate "2007.11.25"]
[SourceQuality "1"]

1. Nf3 d5 2. d4 Nc6 3. c4 Bg4 4. cxd5 Bxf3 5. dxc6 Bxc6 6. Nc3 Nf6 7. f3 e6 8. e4 Be7 9. Be3 b6 10. Rc1 Bb7 1/2-1/2

[Event "Gyongyos Matra Cup"]
[Site "Gyongyos"]
[Date "2004.07.27"]
[Round "1"]
[White "Prokopisin, Vasily V"]
[Black "Varga, Mihaly"]
[Result "1-0"]
[WhiteElo "2237"]
[BlackElo "1997"]
[PlyCount "116"]
[EventDate "2004.07.27"]
[EventType "swiss"]
[EventRounds "9"]
[EventCountry "HUN"]
[SourceTitle "EXT 2008"]
[Source "ChessBase"]
[SourceDate "2007.11.25"]
[SourceVersion "1"]
[SourceVersionDate "2007.11.25"]
[SourceQuality "1"]

1. Nf3 d5 2. d4 g6 3. c4 c6 4. g3 Bg7 5. Bg2 Nf6 6. 0-0 0-0 7. cxd5 cxd5 8. Ne5 Nbd7 9. f4 e6 10. Nc3 a6 11. a4 Re8 12. b4 b6 13. b5 a5 14. e4 Bb7 15. Nc6 Bxc6 16. bxc6 Nb8 17. e5 Ne4 18. Nxe4 dxe4 19. Bxe4 Qc7 20. Ba3 Bf8 21. Bd6 Bxd6 22. exd6 Qxd6 23. c7 Na6 24. Bxa8 Rxa8 25. Rc1 Nxc7 26. Qd3 Rd8 27. Rfd1 Nd5 28. Rc4 h5 29. Rdc1 Kg7 30. Qe4 Qe7 31. Qe5+ f6 32. Qe4 Kf7 33. Rc6 Re8 34. Qf3 Qb4 35. R6c4 Qd6 36. Re1 f5 37. Qe2 h4 38. Qe5 Qxe5 39. dxe5 hxg3 40. hxg3 g5 41. Kf2 g4 42. Rh1 Kg6 43. Rc6 Kg7 44. Rhc1 Kf7 45. Rc8 Rxc8 46. Rxc8 Ke7 47. Rc6 Kd7 48. Rd6+ Ke7 49. Ke2 Kf7 50. Kd2 Ke7 51. Kd3 Kf7 52. Kd4 Ke7 53. Kc4 Ne3+ 54. Kb5 Nd5 55. Rxb6 Nc3+ 56. Kxa5 Ne4 57. Rb3 Kd7 58. Kb6 Kc8 1-0

[Event "Nyiregyhaza op"]
[Site "Nyiregyhaza"]
[Date "2004.07.14"]
[Round "5"]
[White "Prokopisin, Vasily V"]
[Black "Kovacs, Arpad"]
[Result "0-1"]
[WhiteElo "2237"]
[BlackElo "2142"]
[PlyCount "114"]
[EventDate "2004.07.10"]
[EventType "swiss"]
[EventRounds "9"]
[EventCountry "HUN"]
[SourceTitle "EXT 2008"]
[Source "ChessBase"]
[SourceDate "2007.11.25"]
[SourceVersion "1"]
[SourceVersionDate "2007.11.25"]
[SourceQuality "1"]

1. Nf3 Nf6 2. c4 c6 3. d4 d5 4. Nc3 e6 5. g3 dxc4 6. Bg2 Bb4 7. Ne5 Nd5 8. Bd2 Ne7 9. e3 Bxc3 10. Bxc3 b5 11. a4 Nd5 12. axb5 cxb5 13. Ba5 Qe7 14. e4 Nf6 15. Qd2 Bb7 16. Bb4 Qc7 17. Qg5 Rg8 18. Ba5 Qe7 19. Nf3 a6 20. Nd2 Nc6 21. Qe3 Nxa5 22. Rxa5 Qb4 23. Qc3 Qxc3 24. bxc3 Ke7 25. 0-0 Rgd8 26. Rb1 Rac8 27. h3 h6 28. Ra3 Rd7 29. e5 Nd5 30. Ne4 Rc6 31. Nc5 Rxc5 32. dxc5 Rc7 33. f4 Kd7 34. Kf2 Kc6 35. Bh1 Kxc5 36. Ke2 Rd7 37. Rb2 Nxc3+ 38. Rxc3 Bxh1 39. Rc1 Bd5 40. Ra2 Kb6 41. Rca1 Ra7 42. Ra5 Bb7 43. R5a2 a5 44. Rd2 Bd5 45. f5 b4 46. Ke3 Kc5 47. Rda2 Kb5 48. Kd4 c3 49. Rf2 Rc7 50. fxe6 Bxe6 51. Rc2 Rc4+ 52. Ke3 b3 53. Rb1 a4 54. g4 h5 55. Kd3 Kb4 56. Rcc1 hxg4 57. hxg4 Rxg4 0-1

[Event "HUN-chT2 Maroczy 0304"]
[Site "Hungary"]
[Date "2004.04.18"]
[Round "11"]
[White "Prokopisin, Vasily V"]
[Black "Toth, Daniel"]
[Result "1/2-1/2"]
[WhiteElo "2244"]
[BlackElo "2114"]
[PlyCount "56"]
[EventDate "2003.09.28"]
[EventType "team"]
[EventRounds "11"]
[EventCountry "HUN"]
[SourceTitle "EXT 2005"]
[Source "ChessBase"]
[SourceDate "2004.11.15"]
[SourceVersion "1"]
[SourceVersionDate "2004.11.15"]
[SourceQuality "1"]

1. Nf3 d5 2. d4 c6 3. c4 Nf6 4. Nc3 dxc4 5. a4 Bf5 6. Ne5 Nbd7 7. Nxc4 e6 8. f3 Qc7 9. e4 Bg6 10. Bg5 Bb4 11. Be2 0-0 12. 0-0 a6 13. Kh1 c5 14. d5 Bxc3 15. bxc3 exd5 16. exd5 b5 17. Na3 Qe5 18. f4 Qe3 19. Bxf6 Nxf6 20. f5 Rfe8 21. fxg6 Qxe2 22. gxf7+ Kxf7 23. d6 Qe5 24. axb5 axb5 25. Nxb5 Rxa1 26. Qxa1 Kg8 27. Qd1 c4 28. Qa4 Qe2 1/2-1/2

[Event "HUN-chT2 Maroczy 0304"]
[Site "Hungary"]
[Date "2003.12.07"]
[Round "5"]
[White "Fazekas, Marton"]
[Black "Prokopisin, Vasily V"]
[Result "1/2-1/2"]
[WhiteElo "2195"]
[BlackElo "2244"]
[PlyCount "59"]
[EventDate "2003.09.28"]
[EventType "team"]
[EventRounds "11"]
[EventCountry "HUN"]
[SourceTitle "EXT 2005"]
[Source "ChessBase"]
[SourceDate "2004.11.15"]
[SourceVersion "1"]
[SourceVersionDate "2004.11.15"]
[SourceQuality "1"]

1. e4 c5 2. Nf3 e6 3. d4 cxd4 4. Nxd4 Nf6 5. Bd3 Nc6 6. Nxc6 bxc6 7. c4 e5 8. 0-0 Be7 9. Nc3 0-0 10. b3 a5 11. Bb2 Qc7 12. Rc1 d6 13. Qe2 Nd7 14. Na4 Qa7 15. Ba3 Nc5 16. Bxc5 dxc5 17. Qe3 Rd8 18. Rcd1 Rd4 19. Bc2 Be6 20. Qg3 f6 21. Qe3 Rad8 22. Rd3 Qc7 23. Rfd1 f5 24. Qh3 Rxd3 25. Rxd3 g6 26. Rxd8+ Qxd8 27. Qd3 Qd4 28. Nc3 fxe4 29. Nxe4 a4 30. h3 1/2-1/2

[Event "HUN-chT2 Maroczy 0304"]
[Site "Hungary"]
[Date "2003.10.05"]
[Round "2"]
[White "Prokopisin, Vasily V"]
[Black "Marodi, Matyas"]
[Result "1/2-1/2"]
[WhiteElo "2244"]
[BlackElo "2115"]
[PlyCount "140"]
[EventDate "2003.09.28"]
[EventType "team"]
[EventRounds "11"]
[EventCountry "HUN"]
[SourceTitle "EXT 2005"]
[Source "ChessBase"]
[SourceDate "2004.11.15"]
[SourceVersion "1"]
[SourceVersionDate "2004.11.15"]
[SourceQuality "1"]

1. Nf3 Nf6 2. c4 e6 3. g3 b6 4. Bg2 Bb7 5. 0-0 Be7 6. Nc3 0-0 7. d4 Ne4 8. Qc2 Nxc3 9. Qxc3 d6 10. Rd1 Be4 11. b3 Bf6 12. Bb2 Qc8 13. Qd2 Qb7 14. Ne1 Bxg2 15. Nxg2 Nd7 16. Qc2 Rad8 17. e4 c5 18. Ne3 Bxd4 19. Bxd4 cxd4 20. Rxd4 Ne5 21. Qd1 Qc7 22. f4 Nc6 23. Rd2 Ne7 24. Qf3 Qc6 25. Kg2 f5 26. exf5 Qxf3+ 27. Kxf3 Nxf5 28. Rad1 Rf6 29. Ng4 Rff8 30. Nf2 Rd7 31. Ne4 Rfd8 32. g4 Ne7 33. Rxd6 Rxd6 34. Rxd6 Rxd6 35. Nxd6 Nc6 36. Ke4 Kf8 37. Nb5 Ke7 38. Nd4 Nb8 39. b4 a6 40. c5 bxc5 41. bxc5 Nd7 42. c6 Nf6+ 43. Kf3 Ne8 44. h3 Kd6 45. Ke4 g6 46. Nf3 Nf6+ 47. Kd4 Nd5 48. Ng5 Nxf4 49. Ke4 Nd5 50. Nxh7 Kxc6 51. Nf8 Nc3+ 52. Kd4 Nxa2 53. Nxg6 Nb4 54. h4 Kd6 55. h5 Nc6+ 56. Ke4 Ne7 57. Ne5 Ng8 58. g5 Ke7 59. Nc6+ Kf7 60. Nd8+ Kg7 61. Nxe6+ Kh7 62. Kd5 Ne7+ 63. Kc5 Nf5 64. Kb6 Ng3 65. h6 Ne4 66. Nf8+ Kg8 67. h7+ Kh8 68. g6 Nf6 69. Kxa6 Nxh7 70. gxh7 Kg7 1/2-1/2

[Event "Miskolc Avas op"]
[Site "Miskolc"]
[Date "2003.08.16"]
[Round "5"]
[White "Prokopisin, Vasily V"]
[Black "Jurcisin, Imrich"]
[Result "1/2-1/2"]
[WhiteElo "2244"]
[BlackElo "2129"]
[PlyCount "53"]
[EventDate "2003.08.14"]
[EventType "swiss"]
[EventRounds "7"]
[EventCountry "HUN"]
[SourceTitle "EXT 2005"]
[Source "ChessBase"]
[SourceDate "2004.11.15"]
[SourceVersion "1"]
[SourceVersionDate "2004.11.15"]
[SourceQuality "1"]

1. Nf3 d5 2. d4 Nf6 3. c4 e6 4. g3 c6 5. Bg2 Bd6 6. 0-0 Nbd7 7. Nc3 dxc4 8. Nd2 Nb6 9. e4 e5 10. d5 cxd5 11. exd5 Bf5 12. Nxc4 Nxc4 13. Qa4+ Bd7 14. Qxc4 Rc8 15. Qb3 b6 16. Re1 0-0 17. h3 Bf5 18. Be3 Qd7 19. Kh2 Bd3 20. a3 e4 21. Bg5 Qf5 22. Bxf6 Qxf6 23. Nxe4 Bxe4 24. Rxe4 Qxf2 25. Rf1 Qc2 26. Qb5 Rc5 27. Qe2 1/2-1/2

[Event "Miskolc Avas op"]
[Site "Miskolc"]
[Date "2003.08.15"]
[Round "3"]
[White "Prokopisin, Vasily V"]
[Black "Parkanyi, Attila"]
[Result "0-1"]
[WhiteElo "2244"]
[BlackElo "2383"]
[PlyCount "66"]
[EventDate "2003.08.14"]
[EventType "swiss"]
[EventRounds "7"]
[EventCountry "HUN"]
[SourceTitle "EXT 2005"]
[Source "ChessBase"]
[SourceDate "2004.11.15"]
[SourceVersion "1"]
[SourceVersionDate "2004.11.15"]
[SourceQuality "1"]

1. Nf3 Nf6 2. c4 g6 3. Nc3 Bg7 4. e4 d6 5. d4 0-0 6. Be2 c5 7. 0-0 cxd4 8. Nxd4 Nc6 9. Be3 Qa5 10. f3 Be6 11. Nd5 Bxd5 12. exd5 Ne5 13. f4 Ned7 14. Bf3 Rac8 15. Qe2 Rfe8 16. b3 Nc5 17. Bf2 a6 18. Rac1 e6 19. dxe6 fxe6 20. Bg4 Nxg4 21. Qxg4 Nd3 22. Rcd1 Nxf2 23. Kxf2 Bxd4+ 24. Kg3 Rcd8 25. Qf3 e5 26. f5 e4 27. Qg4 Qe5+ 28. Kh3 Qg7 29. fxg6 Qh6+ 30. Qh4 Qxh4+ 31. Kxh4 Bc5 32. gxh7+ Kh8 33. Rde1 e3 0-1

[Event "Nyiregyhaza op"]
[Site "Nyiregyhaza"]
[Date "2003.07.11"]
[Round "7"]
[White "Gosztolya, Ferenc"]
[Black "Prokopisin, Vasily V"]
[Result "1-0"]
[WhiteElo "2123"]
[BlackElo "2244"]
[PlyCount "63"]
[EventDate "2003.07.05"]
[EventType "swiss"]
[EventRounds "9"]
[EventCountry "HUN"]
[SourceTitle "EXT 2005"]
[Source "ChessBase"]
[SourceDate "2004.11.15"]
[SourceVersion "1"]
[SourceVersionDate "2004.11.15"]
[SourceQuality "1"]

1. c4 c5 2. Nc3 Nc6 3. g3 g6 4. Bg2 Bg7 5. Nf3 e5 6. 0-0 Nge7 7. e4 0-0 8. d3 d6 9. a3 h6 10. Rb1 a5 11. Ne1 Be6 12. Nc2 Rb8 13. b4 b6 14. Bd2 f5 15. Nd5 Bd7 16. f4 Kh7 17. Kh1 fxe4 18. dxe4 Be6 19. Nce3 axb4 20. axb4 cxb4 21. f5 gxf5 22. exf5 Bxd5 23. cxd5 Nd4 24. Rxb4 Kh8 25. Qh5 Ng8 26. Ng4 Nf6 27. Nxf6 Qxf6 28. g4 Qf7 29. Qh3 h5 30. Be4 Kg8 31. g5 Nxf5 32. Rxf5 1-0

[Event "Nyiregyhaza op"]
[Site "Nyiregyhaza"]
[Date "2003.07.10"]
[Round "6"]
[White "Prokopisin, Vasily V"]
[Black "Yushko, Olga"]
[Result "1/2-1/2"]
[WhiteElo "2244"]
[BlackElo "1943"]
[PlyCount "94"]
[EventDate "2003.07.05"]
[EventType "swiss"]
[EventRounds "9"]
[EventCountry "HUN"]
[SourceTitle "EXT 2005"]
[Source "ChessBase"]
[SourceDate "2004.11.15"]
[SourceVersion "1"]
[SourceVersionDate "2004.11.15"]
[SourceQuality "1"]

1. Nf3 d6 2. d4 Bg4 3. c4 Bxf3 4. exf3 g6 5. Nc3 Bg7 6. h4 Nf6 7. Qb3 Nc6 8. Be3 Qc8 9. d5 Ne5 10. Be2 c6 11. Rc1 Qc7 12. Bd4 Ned7 13. 0-0 0-0 14. Rfd1 e6 15. Be3 exd5 16. cxd5 a6 17. dxc6 bxc6 18. Bf4 Rfb8 19. Qa3 Ne8 20. Bxd6 Nxd6 21. Qxd6 Qxd6 22. Rxd6 Rxb2 23. Rxd7 Bxc3 24. Bc4 Be5 25. Bxf7+ Kh8 26. g3 Rb6 27. Re1 Bf6 28. Re6 Rd8 29. Rc7 Bg7 30. Be8 Bf8 31. Bf7 Bd6 32. Ra7 Bc5 33. Kg2 Rf8 34. Be8 Rb8 35. Rxa6 Rbxe8 36. Rxe8 Rxe8 37. Rxc6 Bd4 38. Kf1 Ra8 39. Rc2 Ra3 40. f4 Kg7 41. Kg2 Kf6 42. g4 Bc3 43. Re2 h5 44. f3 Bb4 45. Kg3 Bd6 46. Rd2 Ke6 47. Re2+ Kf6 1/2-1/2

[Event "Nyiregyhaza op"]
[Site "Nyiregyhaza"]
[Date "2003.07.08"]
[Round "4"]
[White "Prokopisin, Vasily V"]
[Black "Lukacs, Jozsef"]
[Result "1/2-1/2"]
[WhiteElo "2244"]
[BlackElo "2128"]
[PlyCount "39"]
[EventDate "2003.07.05"]
[EventType "swiss"]
[EventRounds "9"]
[EventCountry "HUN"]
[SourceTitle "EXT 2005"]
[Source "ChessBase"]
[SourceDate "2004.11.15"]
[SourceVersion "1"]
[SourceVersionDate "2004.11.15"]
[SourceQuality "1"]

1. Nf3 d5 2. d4 Nf6 3. c4 e6 4. g3 Be7 5. Bg2 c6 6. 0-0 0-0 7. b3 Nbd7 8. Nc3 dxc4 9. bxc4 Qa5 10. Bd2 Qh5 11. e4 e5 12. Nxe5 Qxd1 13. Nxd1 Nxe5 14. dxe5 Ng4 15. Bc3 Be6 16. h3 Nh6 17. Nb2 Ba3 18. Rac1 b5 19. cxb5 cxb5 20. Rb1 1/2-1/2

[Event "Nyiregyhaza op"]
[Site "Nyiregyhaza"]
[Date "2003.07.07"]
[Round "3"]
[White "Emodi, Barnabas"]
[Black "Prokopisin, Vasily V"]
[Result "1-0"]
[WhiteElo "2369"]
[BlackElo "2244"]
[PlyCount "83"]
[EventDate "2003.07.05"]
[EventType "swiss"]
[EventRounds "9"]
[EventCountry "HUN"]
[SourceTitle "EXT 2005"]
[Source "ChessBase"]
[SourceDate "2004.11.15"]
[SourceVersion "1"]
[SourceVersionDate "2004.11.15"]
[SourceQuality "1"]

1. d4 Nf6 2. c4 c5 3. d5 e6 4. Nc3 exd5 5. cxd5 d6 6. e4 g6 7. Bd3 Bg7 8. h3 0-0 9. Nf3 b5 10. 0-0 a6 11. Re1 c4 12. Bc2 Bb7 13. Bf4 Re8 14. Rc1 Nh5 15. Bh2 Qc7 16. Nd4 Qb6 17. Nf5 Be5 18. Nh6+ Kg7 19. Ng4 Bxh2+ 20. Kxh2 Nd7 21. Qd2 Nhf6 22. Nxf6 Nxf6 23. f4 Nd7 24. Ne2 Nc5 25. Ng3 Rad8 26. Rf1 f6 27. Rce1 Qc7 28. Qd4 Nd7 29. Ne2 Qc5 30. Qd2 Qb6 31. Nd4 Rc8 32. Ne6+ Kf7 33. h4 Rxe6 34. dxe6+ Kxe6 35. f5+ Kf7 36. Qh6 Nf8 37. fxg6+ hxg6 38. h5 gxh5 39. Qxf6+ Kg8 40. Qf7+ Kh8 41. Rf6 Qc7 42. Rh6+ 1-0

[Event "HUN-chT2 Maroczy 0304"]
[Site "Hungary"]
[Date "2003.03.21"]
[Round "9"]
[White "Bai, Attila"]
[Black "Prokopisin, Vasily V"]
[Result "1/2-1/2"]
[WhiteElo "2216"]
[BlackElo "2244"]
[PlyCount "94"]
[EventDate "2003.09.28"]
[EventType "team"]
[EventRounds "11"]
[EventCountry "HUN"]
[SourceTitle "EXT 2005"]
[Source "ChessBase"]
[SourceDate "2004.11.15"]
[SourceVersion "1"]
[SourceVersionDate "2004.11.15"]
[SourceQuality "1"]

1. d4 Nf6 2. Nf3 c5 3. c3 g6 4. Bf4 Bg7 5. dxc5 a5 6. e3 0-0 7. Nbd2 Na6 8. Bxa6 Rxa6 9. Be5 Ng4 10. Bxg7 Kxg7 11. Nc4 Qc7 12. Qd4+ Nf6 13. g4 Kg8 14. g5 Nh5 15. Nb6 d6 16. Nd5 Qd8 17. 0-0-0 e5 18. Qh4 Kg7 19. Nb6 Rxb6 20. cxb6 Qxb6 21. Qe4 Be6 22. a3 Rd8 23. Nxe5 dxe5 24. Qxe5+ Kg8 25. Rxd8+ Qxd8 26. Rd1 Qe7 27. Qb8+ Kg7 28. Qe5+ f6 29. Qxa5 fxg5 30. Qe5+ Kf7 31. Qh8 Nf6 32. Rd8 Bd7 33. e4 Be8 34. Rd4 Qe5 35. Rc4 Qf4+ 36. Kb1 Qxh2 37. Ka2 Qd6 38. Rd4 Qe6+ 39. Ka1 g4 40. Rb4 Qe7 41. e5 Qxe5 42. Rxb7+ Bd7 43. Qd8 Qe1+ 44. Ka2 Qe6+ 45. Ka1 Qe1+ 46. Ka2 Qe6+ 47. Ka1 Qe1+ 1/2-1/2